| 000 | 00492nam a22001697a 4500 | ||
|---|---|---|---|
| 003 | OSt | ||
| 005 | 20140310182337.0 | ||
| 008 | 130320t xxu||||| |||| 00| 0 eng d | ||
| 050 |
_aQL 795 _b.Se46R35 1986 |
||
| 082 |
_aQL795 _b.S46R35 1986 |
||
| 245 |
_aSevengill : the shark and me _cDon C. Reed ; illustrated by Pamela Ford Johnson |
||
| 260 |
_aNew York : San Francisco : Knopf _bSierra Club _c1986 |
||
| 300 |
_a125 p. _c21 cm. |
||
| 541 | _j1 | ||
| 562 | _e1 | ||
| 942 |
_2lcc _cBK-GS |
||
| 999 |
_c12078 _d12078 |
||